[Event "37th Chess Olympiad: Women"]
[Site "Turin ITA"]
[Date "2006.05.22"]
[EventDate "2006.05.21"]
[Round "2"]
[Result "1-0"]
[White "Anna Sharevich"]
[Black "Maia Lomineishvili"]
[WhiteElo "2281"]
[BlackElo "2395"]
[PlyCount "147"]

1. d4 Nf6 2. c4 e6 3. g3 c5 4. d5 exd5 5. cxd5 d6 6. Nc3 g6
7. Bg2 Bg7 8. Nf3 O-O 9. O-O a6 10. a4 Nbd7 11. h3 Re8 12. Bf4
Bf8 13. Re1 Nh5 14. Bg5 f6 15. Bd2 Rb8 16. e4 Ne5 17. g4 Ng7
18. Nxe5 dxe5 19. f4 Bd6 20. f5 b5 21. axb5 axb5 22. Bf1 Bd7
23. Qf3 Rf8 24. Kg2 Qc7 25. b3 Qb7 26. Ra2 Qc8 27. Rea1 Ne8
28. Ra6 c4 29. bxc4 bxc4 30. Qe2 Rb4 31. Ra8 Bb8 32. Nd1 Rb7
33. Bh6 Rf7 34. Qxc4 Nc7 35. R8a5 Bb5 36. Qc5 Bxf1+ 37. Kxf1
Qd8 38. Nc3 Ne8 39. Nb5 Nd6 40. Nxd6 Bxd6 41. Ra8 Rb8 42. Rxb8
Bxb8 43. Qc6 Ba7 44. Rc1 Rd7 45. Qe6+ Kh8 46. Rc6 Qb8
47. Qxf6+ Kg8 48. Qe6+ Kh8 49. Bg7+ Kxg7 50. Qxd7+ Kh6 51. g5+
Kxg5 52. Qe7+ Kh6 53. Qh4+ Kg7 54. f6+ Kh8 55. Qe1 h5 56. Qc1
Qb5+ 57. Rc4 Kh7 58. Kg2 Bc5 59. Qc2 Bb6 60. h4 Qd7 61. Qe2
Qa7 62. Rc6 Bd4 63. Qc2 Kh6 64. Rc7 Qb6 65. Rc8 Qxf6 66. Qd2+
Kg7 67. Rc7+ Kg8 68. Qa2 Qf8 69. d6+ Kh8 70. Qf7 Qxf7 71. Rxf7
Kg8 72. d7 Bb6 73. Rf6 Bd8 74. Re6 1-0

[Event "37th Chess Olympiad: Women"]
[Site "Turin ITA"]
[Date "2006.05.24"]
[EventDate "2006.05.21"]
[Round "4"]
[Result "1/2-1/2"]
[White "Marina Makropoulou"]
[Black "Anna Sharevich"]
[WhiteElo "2305"]
[BlackElo "2281"]
[PlyCount "95"]

1. e4 c5 2. Nf3 e6 3. d4 cxd4 4. Nxd4 a6 5. Nc3 b5 6. Bd3 Qb6
7. Nf3 Qc7 8. O-O Bb7 9. Re1 d6 10. a4 b4 11. Na2 Nc6 12. Bd2
a5 13. c3 bxc3 14. Nxc3 Be7 15. Rc1 Nf6 16. Nb5 Qd7 17. Bg5
Ng4 18. h3 Nge5 19. Bxe7 Qxe7 20. Bb1 Rd8 21. Nfd4 O-O 22. f4
Nxd4 23. Qxd4 Nc6 24. Qb6 e5 25. Rxc6 Bxc6 26. Qxc6 exf4
27. Qc3 Rc8 28. Qf3 Qe5 29. Rf1 g5 30. Kh1 Rc4 31. Nc3 Rb4
32. Rd1 Rxb2 33. Rd5 Qg7 34. e5 dxe5 35. Bf5 Rb3 36. Rd3 Kh8
37. Qd5 Ra3 38. Qd6 Ra1+ 39. Kh2 Rf1 40. Ne4 f3 41. Rxf3 Rxf3
42. gxf3 f6 43. Nc5 Qf7 44. Be6 Qg7 45. Bf5 Qf7 46. Be6 Qg7
47. Bf5 Qf7 48. Be6 1/2-1/2

[Event "37th Chess Olympiad: Women"]
[Site "Turin ITA"]
[Date "2006.05.25"]
[EventDate "2006.05.21"]
[Round "5"]
[Result "1/2-1/2"]
[White "Anna Sharevich"]
[Black "Maritza Arribas Robaina"]
[WhiteElo "2281"]
[BlackElo "2235"]
[PlyCount "101"]

1. d4 Nf6 2. c4 g6 3. Nc3 Bg7 4. e4 d6 5. Nf3 O-O 6. Be2 Nbd7
7. Bg5 c5 8. d5 h6 9. Bh4 g5 10. Bg3 Nh5 11. Qd2 a6 12. O-O
Nxg3 13. hxg3 Ne5 14. Nxe5 Bxe5 15. g4 Bd7 16. g3 Qc8 17. Qd1
b5 18. cxb5 axb5 19. Nxb5 Bxb2 20. Rb1 Bf6 21. a4 Qd8 22. Bd3
Qa5 23. Bc2 Rfb8 24. e5 Bxe5 25. Qd3 Kf8 26. f4 Bxb5 27. Rxb5
Bd4+ 28. Kh1 Qc3 29. Rfb1 Rxb5 30. axb5 Ke8 31. b6 Qxd3
32. Bxd3 Kd8 33. Bb5 Rb8 34. Bc6 c4 35. b7 c3 36. Rc1 Kc7
37. Rc2 e6 38. Kg2 Kb6 39. Ra2 Kc7 40. Kf1 Be3 41. fxg5 Bxg5
42. Ke2 Rxb7 43. Bxb7 Kxb7 44. Kd3 Bd2 45. Ra1 Kb6 46. Ra8 Kc5
47. Ra5+ Kb4 48. Ra8 Kc5 49. Ra5+ Kb4 50. Ra7 Kc5 51. Ra5+
1/2-1/2

[Event "37th Chess Olympiad: Women"]
[Site "Turin ITA"]
[Date "2006.05.27"]
[EventDate "2006.05.21"]
[Round "6"]
[Result "1/2-1/2"]
[White "Sherily Cua"]
[Black "Anna Sharevich"]
[WhiteElo "1954"]
[BlackElo "2281"]
[PlyCount "88"]

1. d4 d5 2. c4 e6 3. Nf3 Nf6 4. g3 c6 5. Bg2 dxc4 6. Ne5 Bb4+
7. Nc3 Nd5 8. Bd2 b5 9. a4 O-O 10. O-O Bxc3 11. bxc3 f6
12. Ng4 e5 13. Ne3 exd4 14. Nxd5 cxd5 15. axb5 Be6 16. cxd4
Nd7 17. Ra6 Nb6 18. Bb4 Re8 19. Qa1 Qd7 20. Bc5 Qb7 21. Qa5
Nd7 22. Ra1 Bf7 23. e3 g6 24. Qa4 Nxc5 25. dxc5 Rab8 26. Rb1
Qe7 27. c6 Qc5 28. Rxa7 Rec8 29. Bf1 Be8 30. Ra5 Rb6 31. Rd1
Bf7 32. Rb1 Kg7 33. Qa1 Rcb8 34. Qa4 h5 35. h4 Qd6 36. Rd1 Qc5
37. Rb1 Qd6 38. Qa1 Qe5 39. Qa2 Qd6 40. Qa1 Qc5 41. Qa4 Qd6
42. Qa1 Qc5 43. Qa4 Qd6 44. Qa1 Qc5 1/2-1/2

[Event "37th Chess Olympiad: Women"]
[Site "Turin ITA"]
[Date "2006.05.29"]
[EventDate "2006.05.21"]
[Round "8"]
[Result "1-0"]
[White "Anna Sharevich"]
[Black "Tea Bosboom-Lanchava"]
[WhiteElo "2281"]
[BlackElo "2380"]
[PlyCount "85"]

1. d4 f5 2. Nf3 g6 3. c4 Nf6 4. Nc3 Bg7 5. Bf4 O-O 6. e3 d6
7. h3 e6 8. Be2 Qe7 9. Bh2 Nbd7 10. O-O b6 11. Rc1 Bb7 12. b4
a5 13. Nb5 axb4 14. Nxc7 Rxa2 15. c5 Ne4 16. Bc4 Rxf2
17. Bxe6+ Kh8 18. Rxf2 Nxf2 19. Kxf2 dxc5 20. d5 Nf6 21. d6
Qd8 22. Kg1 Ne4 23. Bd5 Nc3 24. Rxc3 Bxd5 25. Rc1 Bg8 26. Be5
Qd7 27. Qd2 h6 28. Qb2 Kh7 29. Rd1 Rd8 30. Nd5 Bxd5 31. Rxd5
Qe6 32. Qd2 b3 33. Bxg7 Kxg7 34. Qb2+ Kg8 35. Re5 Qxd6
36. Qxb3+ Kg7 37. Kf2 Kf6 38. Qc3 Kf7 39. Qc4+ Kf6 40. Qh4+
Kg7 41. Re7+ Kg8 42. Qc4+ Qd5 43. Qc3 1-0

[Event "37th Chess Olympiad: Women"]
[Site "Turin ITA"]
[Date "2006.05.31"]
[EventDate "2006.05.21"]
[Round "10"]
[Result "1/2-1/2"]
[White "Anna Sharevich"]
[Black "Ketino Kachiani-Gersinska"]
[WhiteElo "2281"]
[BlackElo "2421"]
[PlyCount "143"]

1. d4 Nf6 2. c4 e6 3. g3 d5 4. Bg2 dxc4 5. Nf3 a6 6. Ne5 Bb4+
7. Nc3 Nd5 8. Bd2 Nb6 9. e3 N8d7 10. Qg4 O-O 11. Rd1 Qe7
12. O-O Rb8 13. Qe2 Nxe5 14. dxe5 Bd7 15. a3 Bxc3 16. Bxc3 Na4
17. Rd4 Nxc3 18. bxc3 Ba4 19. Qh5 Bc2 20. Rxc4 Bg6 21. Qe2 c5
22. Rh4 Rfd8 23. e4 c4 24. f4 f5 25. exf6 Qxf6 26. Qxc4 Rbc8
27. Qb4 Qxc3 28. Qxc3 Rxc3 29. f5 Bf7 30. fxe6 Bxe6 31. e5 b5
32. a4 Re3 33. axb5 axb5 34. Rb1 Rxe5 35. Rhb4 Bc4 36. Bf1
Bxf1 37. Kxf1 Rd2 38. Rxb5 Rxb5 39. Rxb5 Rxh2 40. Rb7 Ra2
41. Rc7 h6 42. Rb7 Kh7 43. Rb6 h5 44. Kg1 Ra5 45. Kg2 g6
46. Kh3 Ra2 47. Rb3 Ra4 48. Kg2 Kh6 49. Rb5 Ra2+ 50. Kf3 Rc2
51. Ra5 Rc4 52. Rb5 Rd4 53. Ra5 Rd6 54. Rb5 Rf6+ 55. Kg2 Rf5
56. Rb6 Kg5 57. Ra6 Rd5 58. Ra4 Kf6 59. Rf4+ Rf5 60. Ra4 Rc5
61. Rf4+ Ke5 62. Rf2 Rc4 63. Kh3 g5 64. Rf8 Rc2 65. Rh8 g4+
66. Kh4 Rh2+ 67. Kg5 Ke4 68. Rxh5 Rxh5+ 69. Kxh5 Kf5 70. Kh4
Kf6 71. Kxg4 Kg6 72. Kf4 1/2-1/2

[Event "37th Chess Olympiad: Women"]
[Site "Turin ITA"]
[Date "2006.06.03"]
[EventDate "2006.05.21"]
[Round "12"]
[Result "1-0"]
[White "Anna Sharevich"]
[Black "Emilia Djingarova"]
[WhiteElo "2281"]
[BlackElo "2319"]
[PlyCount "77"]

1. d4 Nf6 2. c4 e6 3. g3 d5 4. Bg2 dxc4 5. Nf3 Bb4+ 6. Bd2 a5
7. Qc2 b6 8. a3 Bxd2+ 9. Nfxd2 Ra7 10. Qa4+ Qd7 11. Qxd7+
Nbxd7 12. Nxc4 b5 13. Ncd2 O-O 14. Nc3 Bb7 15. e4 Ba8 16. O-O
Rb8 17. b4 e5 18. d5 c6 19. dxc6 Bxc6 20. Nb3 a4 21. Na5 Rc7
22. Rfd1 Ba8 23. Nd5 Bxd5 24. exd5 Rc3 25. Nc6 Rb6 26. Rdc1
Rxc1+ 27. Rxc1 g6 28. Ne7+ Kf8 29. Nc8 Rb8 30. d6 Ne8 31. Rc6
Kg7 32. Bd5 Nef6 33. Ba2 Ne8 34. Bd5 Nef6 35. Bg2 Ne8 36. Na7
Kf6 37. Bh3 Rb7 38. Nxb5 e4 39. Nc7 1-0

[Event "European Club Cup (Women)"]
[Site "Feugen AUT"]
[Date "2006.10.09"]
[EventDate "2006.10.08"]
[Round "2"]
[Result "0-1"]
[White "Andrea Mijatovic"]
[Black "Anna Sharevich"]
[WhiteElo "1900"]
[BlackElo "2308"]
[PlyCount "88"]

1. e4 c5 2. Nf3 e6 3. d4 cxd4 4. Nxd4 a6 5. Bd3 Bc5 6. Nb3 Be7
7. Bd2 d6 8. Nc3 Nf6 9. O-O Qc7 10. f4 Nbd7 11. Qe2 b6
12. Rae1 Bb7 13. Kh1 O-O 14. e5 Nd5 15. Nxd5 Bxd5 16. Bc3 dxe5
17. fxe5 g6 18. Be4 Bc4 19. Bd3 Bxd3 20. Qxd3 a5 21. Nd2 Nc5
22. Qh3 b5 23. Rf2 Rad8 24. a3 Rd5 25. Qh6 Qd8 26. Nf3 Re8
27. h4 Bf8 28. Qg5 Qc7 29. h5 Bg7 30. hxg6 fxg6 31. Nh2 Na4
32. Ng4 Nxc3 33. bxc3 Qd8 34. Qxd8 Rexd8 35. Nf6+ Bxf6
36. Rxf6 Re8 37. Rf2 Rf8 38. Rfe2 Rf4 39. Re4 Rxe4 40. Rxe4
Rc5 41. c4 Rxc4 42. Rxc4 bxc4 43. Kg1 h5 44. Kf2 g5 0-1

[Event "European Club Cup (Women)"]
[Site "Feugen AUT"]
[Date "2006.10.10"]
[EventDate "2006.10.08"]
[Round "3"]
[Result "1-0"]
[White "Anna Sharevich"]
[Black "Jelena Miloradovic"]
[WhiteElo "2308"]
[BlackElo "2105"]
[PlyCount "79"]

1. d4 Nf6 2. c4 e5 3. dxe5 Ng4 4. e4 Nxe5 5. f4 Nec6 6. Nc3
Bc5 7. Nf3 a5 8. Bd3 d6 9. Qe2 Bg4 10. Be3 Nd4 11. Qf2 Nxf3+
12. gxf3 Bxe3 13. Qxe3 Qh4+ 14. Kd2 Bd7 15. Nd5 Na6 16. Rag1
Kf8 17. f5 c6 18. Rg4 Qh6 19. Qxh6 gxh6 20. Nb6 Rd8 21. Rh4 f6
22. Rxh6 Kf7 23. Rg1 Nc5 24. Bc2 Na6 25. Bd1 d5 26. cxd5 cxd5
27. Nxd5 Bc6 28. Rxf6+ Ke8 29. Ke3 Bxd5 30. exd5 Rxd5 31. Bb3
Re5+ 32. Kf4 Re7 33. Rc1 Nc7 34. Rd1 Rd7 35. Rfd6 Rxd6
36. Rxd6 Ke7 37. Ke5 Re8 38. f6+ Kf8+ 39. Kf5 Re3 40. Rd8+ 1-0

[Event "European Club Cup (Women)"]
[Site "Feugen AUT"]
[Date "2006.10.11"]
[EventDate "2006.10.08"]
[Round "4"]
[Result "0-1"]
[White "Ana Benderac"]
[Black "Anna Sharevich"]
[WhiteElo "2314"]
[BlackElo "2308"]
[PlyCount "118"]

1. d4 d5 2. c4 e6 3. Nc3 Be7 4. cxd5 exd5 5. Bf4 Nf6 6. e3 O-O
7. Bd3 c5 8. dxc5 Bxc5 9. Nge2 Nc6 10. O-O h6 11. Rc1 Be7
12. Bb1 a6 13. a3 Be6 14. Qd3 Re8 15. Rfd1 Qa5 16. Nd4 Nxd4
17. exd4 Rac8 18. Re1 Qb6 19. b4 g6 20. Bxh6 Bf5 21. Na4 Rxc1
22. Rxc1 Qa7 23. Qd1 Bxb1 24. Rxb1 Ne4 25. Qd3 Bf6 26. Be3 Nd6
27. Nc5 Nc4 28. Nd7 Bg7 29. Re1 b6 30. Ne5 Nxe5 31. dxe5 Rxe5
32. f4 Re4 33. Qxd5 Qe7 34. Kf2 Bd4 35. Qxd4 Rxd4 36. Bxd4 Qd8
37. Bc3 f6 38. Re3 Kf7 39. Ke2 Qd5 40. Kf2 Qa2+ 41. Kf3 Qxa3
42. g4 Qc1 43. Be1 Qd1+ 44. Kg3 Qd5 45. h4 Qd4 46. Kf3 Qd1+
47. Kg3 f5 48. gxf5 gxf5 49. Kg2 Qd5+ 50. Rf3 Kg6 51. Bc3 Kh5
52. Kg3 Qd1 53. Kg2 Kg4 54. Rf2 Kxh4 55. Be5 Qd3 56. Rb2 Qe3
57. Kh1 Qf3+ 58. Kh2 Qg3+ 59. Kh1 Kh3 0-1

[Event "European Club Cup (Women)"]
[Site "Feugen AUT"]
[Date "2006.10.12"]
[EventDate "2006.10.08"]
[Round "5"]
[Result "1-0"]
[White "Anna Sharevich"]
[Black "Nelly Aginian"]
[WhiteElo "2308"]
[BlackElo "2274"]
[PlyCount "97"]

1. d4 d5 2. Nf3 Nf6 3. c4 c6 4. Nc3 e6 5. g3 dxc4 6. Bg2 Nbd7
7. O-O Be7 8. a4 a5 9. e4 O-O 10. Qe2 Nb6 11. Rd1 h6 12. Ne5
Nfd7 13. Nxc4 Nxc4 14. Qxc4 Bb4 15. Be3 Nf6 16. h3 Bd7 17. Qe2
Qe7 18. g4 e5 19. dxe5 Qxe5 20. Bd4 Qe7 21. Bxf6 gxf6 22. Qd2
Rfd8 23. Qxh6 Qe5 24. f4 Qc5+ 25. Kh1 Bxc3 26. bxc3 Qxc3
27. Rac1 Qb2 28. Rb1 Qc3 29. e5 fxe5 30. Qg5+ Kf8 31. Rxb7
exf4 32. Qh6+ Ke8 33. Qxf4 Be6 34. Rc1 Qd4 35. Bxc6+ Kf8
36. Qh6+ Kg8 37. Qg5+ Kf8 38. Rf1 Qg7 39. Qe7+ Kg8 40. Rb5 Bc4
41. Rg5 Bxf1 42. Rxg7+ Kxg7 43. Bxa8 Rxa8 44. Qg5+ Kf8 45. Kg1
Ba6 46. Qxa5 Kg8 47. Qg5+ Kh8 48. Qf6+ Kg8 49. Qc6 1-0

[Event "European Club Cup (Women)"]
[Site "Feugen AUT"]
[Date "2006.10.13"]
[EventDate "2006.10.08"]
[Round "6"]
[Result "0-1"]
[White "Salome Neuhauser"]
[Black "Anna Sharevich"]
[WhiteElo "1838"]
[BlackElo "2308"]
[PlyCount "116"]

1. d4 d5 2. Bf4 Nf6 3. e3 c5 4. c3 Nc6 5. Nd2 e6 6. Ngf3 Bd6
7. Ne5 Qc7 8. Bb5 O-O 9. Bxc6 bxc6 10. O-O Nd7 11. Nxd7 Bxd7
12. Bxd6 Qxd6 13. f4 cxd4 14. exd4 c5 15. Nb3 cxd4 16. Qxd4 a5
17. Rf3 Rfc8 18. Rg3 g6 19. Nd2 Qc5 20. Rd3 Qxd4+ 21. Rxd4
Rab8 22. Rb1 Bb5 23. Rc1 f6 24. b3 Rc5 25. c4 Rbc8 26. Rd3 Kf7
27. Kf2 Ba6 28. Rdc3 R5c7 29. Ke3 e5 30. fxe5 fxe5 31. R3c2
Bb7 32. Nf3 d4+ 33. Ke2 d3+ 34. Kxd3 e4+ 35. Ke3 exf3 36. gxf3
Re8+ 37. Kf2 Rd7 38. Re2 Rd3 39. Rxe8 Kxe8 40. Re1+ Kd7
41. Re3 Rd2+ 42. Re2 Rxe2+ 43. Kxe2 Kd6 44. f4 Kc5 45. Kd3 Kb4
46. Kc2 Ka3 47. Kc3 Kxa2 48. b4 axb4+ 49. Kxb4 Kb2 50. Kb5 Kc3
51. c5 Kd4 52. c6 Bc8 53. Kb6 Ke4 54. Kc7 Bf5 55. Kd8 Kxf4
56. c7 Kg4 57. c8=Q Bxc8 58. Kxc8 Kh3 0-1

[Event "Inautomarket Open"]
[Site "Minsk BLR"]
[Date "2007.??.??"]
[EventDate "?"]
[Round "4"]
[Result "1-0"]
[White "Alexei Bezgodov"]
[Black "Anna Sharevich"]
[WhiteElo "2558"]
[BlackElo "2305"]
[PlyCount "86"]

1. e4 c5 2. Nf3 e6 3. d4 cxd4 4. Nxd4 a6 5. Nc3 b5 6. Bd3 Qb6
7. Nb3 Qc7 8. O-O Bb7 9. Qe2 Nf6 10. Bg5 d6 11. Bxf6 gxf6
12. f4 h5 13. f5 e5 14. a4 b4 15. Nd5 Bxd5 16. exd5 Nd7 17. a5
h4 18. Kh1 h3 19. g3 Qb7 20. Rfd1 Be7 21. Bc4 Ra7 22. Re1 Kf8
23. Nd2 Nc5 24. b3 Qc8 25. Rf1 Bd8 26. g4 Re7 27. Rf3 Ra7
28. Qf1 Rh4 29. Rg3 e4 30. Qf4 Re7 31. Qxd6 Qc7 32. Qxf6 Re6
33. Qd4 Bf6 34. Qe3 Re8 35. Rf1 Be5 36. Be2 Bxg3 37. hxg3 Rh7
38. Nc4 f6 39. g5 fxg5 40. f6 Nb7 41. Qxg5 Nd8 42. Bh5 Nf7
43. Qg6 Nd6 1-0

[Event "Women's Olympiad"]
[Site "Dresden GER"]
[Date "2008.11.17"]
[EventDate "2008.11.13"]
[Round "5"]
[Result "1-0"]
[White "Anna Sharevich"]
[Black "Gulmira Dauletova"]
[WhiteElo "2322"]
[BlackElo "2253"]
[PlyCount "141"]

1. d4 Nf6 2. c4 g6 3. Nc3 Bg7 4. e4 d6 5. Be2 O-O 6. Bg5 c5
7. d5 h6 8. Bf4 Na6 9. Nf3 Nc7 10. O-O a6 11. a4 b6 12. Ne1
Rb8 13. Nc2 Bd7 14. b4 Nfe8 15. Bd2 b5 16. axb5 axb5 17. Rb1
bxc4 18. Bxc4 cxb4 19. Nxb4 Rc8 20. Qe2 Na8 21. Rfc1 Nb6
22. Bb5 Nf6 23. Bxd7 Nbxd7 24. Nc6 Qe8 25. Rb7 Kh7 26. Nb5 Rh8
27. Rb1 Qf8 28. Bb4 h5 29. h3 Bh6 30. Rd1 Re8 31. Nc7 Rc8
32. Nb5 Re8 33. e5 dxe5 34. Nc7 Rc8 35. Nxe7 Rxc7 36. Rxc7 Qb8
37. Bd6 Qb3 38. Qc2 Qb5 39. Rb1 Qa6 40. Rc6 Qa8 41. Qc4 Re8
42. Ra6 Qd8 43. Nc6 Qc8 44. Bxe5 Nxe5 45. Nxe5 Qf5 46. Nd3 Re4
47. Qb3 Rd4 48. Ne1 Nxd5 49. Rd1 Nf4 50. Rxd4 Ne2+ 51. Kf1
Nxd4 52. Qd3 Qc5 53. Ra4 Bg7 54. Rc4 Qe5 55. Nf3 Nxf3 56. gxf3
Bh6 57. Qe4 Qh2 58. h4 Qh1+ 59. Ke2 Qa1 60. Qd5 Qf6 61. Rc6
Qb2+ 62. Kf1 Kg7 63. Rc7 Qf6 64. Rc4 Bf4 65. Qe4 Be5 66. f4
Bb2 67. Rc2 Ba1 68. Ra2 Bc3 69. Rc2 Ba1 70. Qa4 Qxh4 71. Qxa1+
1-0

[Event "Russian Team Championship: Women's League"]
[Site "Dagomys RUS"]
[Date "2009.04.02"]
[EventDate "2009.04.02"]
[Round "1"]
[Result "1-0"]
[White "Baira Kovanova"]
[Black "Anna Sharevich"]
[WhiteElo "2398"]
[BlackElo "2358"]
[PlyCount "71"]

1. e4 c5 2. Nf3 e6 3. d3 Nc6 4. g3 Nge7 5. Bg2 g6 6. O-O Bg7
7. Qe2 e5 8. c3 O-O 9. Na3 d5 10. Bg5 f6 11. Be3 d4 12. cxd4
cxd4 13. Bd2 a6 14. Nh4 Be6 15. f4 Qd7 16. Nc4 Bxc4 17. dxc4
a5 18. Nf3 h6 19. Rad1 Kh7 20. Ne1 b6 21. Nd3 Qd6 22. a3 a4
23. h4 Rae8 24. f5 gxf5 25. exf5 e4 26. Qxe4 Qxg3 27. Nb4 Nxb4
28. Bxb4 Nc8 29. Qf4 Qe3+ 30. Kh1 Rg8 31. Rxd4 Qxf4 32. Rfxf4
Re2 33. Rd7 Rge8 34. Bf3 R2e3 35. Bh5 Rg8 36. Rg4 1-0

[Event "Russian Team Championship: Women's League"]
[Site "Dagomys RUS"]
[Date "2009.04.03"]
[EventDate "2009.04.02"]
[Round "2"]
[Result "1-0"]
[White "Valentina Gunina"]
[Black "Anna Sharevich"]
[WhiteElo "2411"]
[BlackElo "2358"]
[PlyCount "167"]

1. d4 d5 2. c4 e6 3. Nc3 Be7 4. cxd5 exd5 5. Bf4 c6 6. e3 Bf5
7. g4 Be6 8. h3 Nd7 9. Bd3 g5 10. Bh2 h5 11. gxh5 Ngf6 12. Qc2
Rxh5 13. O-O-O Nb6 14. Nf3 Bd6 15. Bxd6 Qxd6 16. Rdg1 Rxh3
17. Rxh3 Bxh3 18. Nxg5 Be6 19. Bf5 Qe7 20. Ne2 O-O-O 21. Nf4
Bd7 22. Bxd7+ Nbxd7 23. Qf5 Rg8 24. Rh1 Kb8 25. Nd3 c5 26. Ne5
cxd4 27. exd4 Nxe5 28. dxe5 Ne4 29. Nxe4 dxe4 30. Kb1 e3
31. fxe3 Qe6 32. Qf4 Rg4 33. Qh2 a6 34. Rf1 Ka7 35. Qh1 Qxe5
36. Rxf7 Rb4 37. Qc1 Qe4+ 38. Ka1 Rc4 39. Qe1 Qe6 40. Rf3 Ra4
41. Qb1 Re4 42. a3 Qc4 43. Qd1 Rh4 44. Rf1 Re4 45. Re1 Qc5
46. Qd3 Qe5 47. Qd2 Ra4 48. Kb1 Re4 49. Qf2 Qd5 50. Ka1 Qe5
51. Rc1 Qd5 52. Qf3 Qe5 53. Rc7 Kb6 54. Rf7 Ka7 55. Qh1 Qe6
56. Rd7 Qc6 57. Rd3 Qc4 58. Rb3 Re7 59. Rb4 Qd3 60. e4 Qe3
61. Ka2 Qc5 62. Qf1 b5 63. Qd3 Rc7 64. Rb3 Qc4 65. Qxc4 bxc4
66. Re3 Re7 67. Kb1 Kb6 68. Kc2 Re5 69. Kc3 Kc5 70. Re2 a5
71. Re3 Kb5 72. Kd4 Re8 73. e5 Rd8+ 74. Kc3 Re8 75. e6 Kc5
76. Re5+ Kd6 77. Rxa5 Kxe6 78. Rc5 Kd6 79. Rxc4 Kd5 80. b3
Re3+ 81. Kb4 Re8 82. a4 Rb8+ 83. Ka3 Ra8 84. Rc1 1-0

[Event "Russian Team Championship: Women's League"]
[Site "Dagomys RUS"]
[Date "2009.04.04"]
[EventDate "2009.04.02"]
[Round "3"]
[Result "1-0"]
[White "Anna Sharevich"]
[Black "Tatiana Shadrina"]
[WhiteElo "2358"]
[BlackElo "2431"]
[PlyCount "95"]

1. d4 d5 2. Nf3 Nf6 3. c4 c6 4. Nc3 dxc4 5. a4 Bf5 6. Nh4 Be6
7. e4 g6 8. Be2 Na6 9. O-O Nb4 10. Be3 Qd7 11. h3 Bg7 12. f4
O-O-O 13. a5 Ne8 14. Ra4 Nd3 15. Bxd3 Bxd4 16. Qe1 Bxe3+
17. Qxe3 Qxd3 18. Qxa7 Qd4+ 19. Qxd4 Rxd4 20. Nf3 Rd3 21. Ne5
Rd2 22. a6 bxa6 23. Rxa6 Kb7 24. Rfa1 Nc7 25. Ra7+ Kb6 26. f5
gxf5 27. exf5 Rg8 28. fxe6 Rgxg2+ 29. Kf1 Rdf2+ 30. Ke1 c5
31. Nxc4+ Kc6 32. Ne3 fxe6 33. Nxg2 Rxg2 34. R7a5 e5 35. Kf1
Rh2 36. Kg1 Rxh3 37. Ne4 Nb5 38. Rc1 Kb6 39. Ra8 Nd4 40. Kg2
Re3 41. Nc3 Kc6 42. Rc8+ Kd6 43. Ra1 Ke6 44. Ra6+ Kf5 45. Rf8+
Kg4 46. Rg8+ Kf5 47. Ra1 Ne6 48. Rg3 1-0

[Event "Russian Team Championship: Women's League"]
[Site "Dagomys RUS"]
[Date "2009.04.07"]
[EventDate "2009.04.02"]
[Round "5"]
[Result "1-0"]
[White "Anastasia Bodnaruk"]
[Black "Anna Sharevich"]
[WhiteElo "2373"]
[BlackElo "2358"]
[PlyCount "99"]

1. e4 c5 2. Nf3 e6 3. d3 Nc6 4. g3 Nge7 5. Bg2 g6 6. O-O Bg7
7. c3 O-O 8. Be3 b6 9. d4 cxd4 10. cxd4 d5 11. e5 Nf5 12. Bf4
f6 13. Qd2 fxe5 14. dxe5 Ba6 15. Re1 Rc8 16. Na3 Re8 17. Bg5
Qd7 18. g4 Nfe7 19. b4 Nd8 20. Rab1 Bc4 21. b5 Nf7 22. Bf4 Rc7
23. Rb4 Rec8 24. h4 h6 25. Rc1 a5 26. bxa6 Bxa6 27. Rxc7 Qxc7
28. Nd4 Bxe5 29. Nxe6 Bxf4 30. Nxf4 Qc3 31. Nb1 Qc1+ 32. Qxc1
Rxc1+ 33. Kh2 Rc4 34. Rxb6 Rxf4 35. Rxa6 Rxg4 36. a4 Rxh4+
37. Kg1 Rc4 38. Nd2 Rd4 39. Nb3 Rd1+ 40. Kh2 Kg7 41. a5 Nf5
42. Ra7 Kf6 43. Rxf7+ Kxf7 44. a6 Re1 45. Bxd5+ Kf6 46. a7 Re8
47. Nc5 Ke5 48. Bc6 Rc8 49. Nd7+ Kd6 50. Nb8 1-0

[Event "Russian Team Championship: Women's League"]
[Site "Dagomys RUS"]
[Date "2009.04.08"]
[EventDate "2009.04.02"]
[Round "6"]
[Result "0-1"]
[White "Anna Sharevich"]
[Black "Elena Zaiatz"]
[WhiteElo "2358"]
[BlackElo "2362"]
[PlyCount "165"]

1. d4 Nf6 2. c4 e6 3. g3 d5 4. Nf3 dxc4 5. Bg2 Nc6 6. O-O Rb8
7. Nc3 b5 8. Ne5 Nxe5 9. dxe5 Nd7 10. Bc6 a6 11. a4 b4 12. Ne4
Bb7 13. Bg5 Qc8 14. Bxb7 Qxb7 15. Qd4 Qd5 16. Rfd1 Qxd4
17. Rxd4 c5 18. Rxc4 Nxe5 19. Rc2 Nc6 20. Be3 Na5 21. Rd1 c4
22. Bf4 Rc8 23. Rcd2 Nb3 24. Rc2 Be7 25. Nd6+ Bxd6 26. Bxd6 a5
27. e4 f6 28. e5 Kf7 29. f4 Rc6 30. Kf2 Rhc8 31. Ke3 c3
32. Kf2 cxb2 33. Rxb2 Rc2+ 34. Rxc2 Rxc2+ 35. Ke3 Nc5 36. Bxc5
Rxc5 37. Rd7+ Kg6 38. exf6 gxf6 39. Ra7 h5 40. Kd4 Rd5+
41. Kc4 Kf5 42. Ra6 h4 43. gxh4 Rd2 44. Rxa5+ Kxf4 45. Ra6 Kf5
46. Kxb4 Rxh2 47. a5 Rxh4+ 48. Kc3 Ke5 49. Ra8 f5 50. a6 Ra4
51. a7 Kf4 52. Kd2 e5 53. Ke1 Ra2 54. Kd1 e4 55. Kc1 e3
56. Kb1 Ra5 57. Kc2 e2 58. Kd2 Ra2+ 59. Ke1 Kf3 60. Re8 Ra1+
61. Kd2 Rxa7 62. Re3+ Kf4 63. Re8 Ra2+ 64. Ke1 Kg4 65. Rg8+
Kh4 66. Kf2 f4 67. Rh8+ Kg4 68. Rg8+ Kf5 69. Re8 e1=Q+
70. Kxe1 Kg4 71. Rb8 Kg3 72. Rg8+ Kf3 73. Rb8 Ra1+ 74. Kd2 Kf2
75. Kd3 f3 76. Rf8 Re1 77. Rf7 Re8 78. Rf6 Kg2 79. Rg6+ Kf1
80. Rf6 f2 81. Ra6 Rf8 82. Rg6 Ke1 83. Kd4 0-1

[Event "Chess Olympiad (Women)"]
[Site "Khanty-Mansiysk RUS"]
[Date "2010.09.23"]
[EventDate "2010.09.21"]
[Round "3"]
[Result "1-0"]
[White "Anna Sharevich"]
[Black "Sabrina Latreche"]
[WhiteElo "2283"]
[BlackElo "1951"]
[PlyCount "105"]

1. d4 Nf6 2. c4 e6 3. g3 d5 4. Bg2 dxc4 5. Qa4+ Nbd7 6. Qxc4
Be7 7. Nf3 O-O 8. O-O Rb8 9. Nc3 b5 10. Nxb5 Ba6 11. a4 Rb6
12. Qc2 Bxb5 13. axb5 Qb8 14. Qa4 Bd6 15. Ne5 Bxe5 16. dxe5
Nd5 17. e4 Ne7 18. Qd4 Ng6 19. f4 Rd8 20. Rd1 Rxb5 21. Qxa7
Ngf8 22. Qxb8 Rdxb8 23. Ra7 R5b7 24. Rxb7 Rxb7 25. Rd4 h6
26. h4 c5 27. Rc4 Rb3 28. Kh2 Ng6 29. Rc2 Kf8 30. Bf1 Rb4
31. Be3 Rxe4 32. Bxc5+ Nxc5 33. Rxc5 Re1 34. Rc8+ Ke7 35. Bb5
f6 36. h5 Nf8 37. Rc7+ Kd8 38. Rf7 fxe5 39. Rxf8+ Ke7 40. Rc8
exf4 41. gxf4 Re4 42. Rc7+ Kf8 43. Kg3 Rb4 44. Bc4 Rxb2
45. Bxe6 Rb1 46. Kg4 Rh1 47. Bf7 Ra1 48. Bg6 Ra8 49. Bf7 Ra1
50. Be6 Rg1+ 51. Kf5 Rg3 52. Bd5 Rg1 53. Ke4 1-0

[Event "Chess Olympiad (Women)"]
[Site "Khanty-Mansiysk RUS"]
[Date "2010.09.24"]
[EventDate "2010.09.21"]
[Round "4"]
[Result "1-0"]
[White "Gulmira Dauletova"]
[Black "Anna Sharevich"]
[WhiteElo "2235"]
[BlackElo "2283"]
[PlyCount "61"]

1. e4 c5 2. Nf3 e6 3. c3 Nf6 4. e5 Nd5 5. d4 cxd4 6. cxd4 d6
7. Bc4 Nc6 8. O-O Be7 9. Qe2 O-O 10. Nc3 Nxc3 11. bxc3 dxe5
12. dxe5 Qa5 13. Rb1 Rb8 14. Bd3 Rd8 15. Re1 Bd7 16. Ng5 h6
17. Bh7+ Kh8 18. Nxf7+ Kxh7 19. Qe4+ g6 20. Qf4 Bf8 21. Qh4
Be8 22. Ng5+ Kg8 23. Nxe6 Qxc3 24. Bxh6 Be7 25. Qf4 Rd5
26. Bg5 Bf7 27. Bxe7 Nxe7 28. Ng5 Nf5 29. e6 Rc8 30. exf7+ Kf8
31. Qe4 1-0